| 000 | 00514nam a2200181 a 4500 | ||
|---|---|---|---|
| 001 | 000023109 | ||
| 005 | 20200930022008.0 | ||
| 008 | 101126s1975 xxua r 000 | spa d | ||
| 020 | _a0829705155 | ||
| 040 |
_aDO-SdBNP _bspa _cBNPHU |
||
| 082 |
_axxx _bL183c |
||
| 100 | 1 |
_aLaHaye,Tim _947576 |
|
| 245 | 1 | 0 |
_aCómo vencer la depresión / _cTim LaHaye ; traducción Edwin Sipowicz. |
| 260 |
_aMiami : _bVida, _c1975. |
||
| 300 |
_a251 p. : _bil. ; _c18 cm. |
||
| 700 | 1 |
_aSipowicz, Edwin _etr. _941592 |
|
| 049 | _aBNGR | ||
| 999 |
_c22606 _d22606 |
||